000 00435nam a2200157Ia 4500
008 221229s9999 xx 000 0 und d
020 _a9789380856278
082 _a624.151 KES
100 _aKeshavulu, Chenna, N
_914295
245 0 _aTextbook of engineering geology
250 _a2nd
260 _aBangalore
_bTrinity Publication
_c2017
300 _aXIV, 449p.
_bRs. 395.00
650 _aEngineering geology
_914296
942 _cCPL
999 _c194287
_d194287